[Event "MSR_ch20"]
[Site "?"]
[Date "2024.04.11"]
[Round "8.11"]
[White "Turis, Ondrej"]
[Black "Bidulsky, Matej"]
[Result "0-1"]
[BlackElo "2041"]
[WhiteElo "1866"]
[LiveChessVersion "1.4.8"]

1. d4 {[%clk 1:30:36]} c5 {[%clk 1:30:35]} 2. d5 {[%clk 1:30:55]} d6
{[%clk 1:30:59]} 3. e4 {[%clk 1:31:19]} g6 {[%clk 1:31:25]} 4. Nc3
{[%clk 1:31:32]} Bg7 {[%clk 1:31:47]} 5. f4 {[%clk 1:31:46]} a6 {[%clk 1:31:01]}
6. a4 {[%clk 1:31:39]} e6 {[%clk 1:25:58]} 7. Nf3 {[%clk 1:30:54]} exd5
{[%clk 1:23:22]} 8. exd5 {[%clk 1:29:15]} Qe7+ {[%clk 1:23:04]} 9. Be2
{[%clk 1:27:39]} Nh6 {[%clk 1:21:52]} 10. O-O {[%clk 1:26:06]} O-O
{[%clk 1:22:17]} 11. Re1 {[%clk 1:16:41]} Qc7 {[%clk 1:16:56]} 12. Bc4
{[%clk 1:02:33]} Nf5 {[%clk 1:15:27]} 13. Be3 {[%clk 0:55:42]} Nxe3
{[%clk 1:15:36]} 14. Rxe3 {[%clk 0:56:06]} Nd7 {[%clk 1:15:54]} 15. Kh1
{[%clk 0:48:42]} Nb6 {[%clk 1:16:15]} 16. Qe2 {[%clk 0:44:23]} Nxc4
{[%clk 1:16:34]} 17. Qxc4 {[%clk 0:44:45]} b5 {[%clk 1:17:01]} 18. Qe2
{[%clk 0:43:02]} b4 {[%clk 1:17:10]} 19. Nd1 {[%clk 0:37:33]} a5 {[%clk 1:16:26]}
20. Rb1 {[%clk 0:31:56]} c4 {[%clk 1:16:24]} 21. c3 {[%clk 0:27:07]} Qc5
{[%clk 1:16:16]} 22. Nf2 {[%clk 0:18:09]} Qxd5 {[%clk 1:11:00]} 23. Rd1
{[%clk 0:18:30]} Qc6 {[%clk 1:11:24]} 24. Nd4 {[%clk 0:11:34]} Bxd4
{[%clk 1:09:52]} 25. Rxd4 {[%clk 0:11:41]} d5 {[%clk 1:08:49]} 26. Re5
{[%clk 0:09:36]} Be6 {[%clk 1:08:53]} 27. f5 {[%clk 0:08:09]} Bxf5
{[%clk 1:08:25]} 28. Rdxd5 {[%clk 0:08:28]} Qxa4 {[%clk 1:07:05]} 29. h3
{[%clk 0:05:04]} bxc3 {[%clk 1:07:16]} 30. bxc3 {[%clk 0:05:21]} Qa1+
{[%clk 1:07:37]} 31. Kh2 {[%clk 0:05:44]} Qxc3 {[%clk 1:07:40]} 32. Ng4
{[%clk 0:04:49]} Bxg4 {[%clk 1:08:00]} 33. Qxg4 {[%clk 0:05:13]} a4
{[%clk 1:08:09]} 34. h4 {[%clk 0:04:15]} a3 {[%clk 1:08:17]} 35. h5
{[%clk 0:04:35]} a2 {[%clk 1:07:51]} 36. Qg5 {[%clk 0:02:50]} a1=Q
{[%clk 1:07:22]} 37. Qf6 {[%clk 0:02:35]} Ra6 {[%clk 1:07:05]} 38. Qe7
{[%clk 0:02:47]} Qac1 {[%clk 1:06:41]} 39. Rd8 {[%clk 0:01:49]} Qf4+
{[%clk 1:06:44]} 40. Kh1 {[%clk 0:02:10]} Ra1+ {[%clk 1:07:10]} 41. Re1
{[%clk 0:02:32]} Rxe1+ {[%clk 1:07:34]} 42. Qxe1 {[%clk 0:03:00]} Qxe1# 0-1

[Event "MSR_ch20"]
[Site "?"]
[Date "2024.04.11"]
[Round "8.12"]
[White "Lichvar, Simon"]
[Black "Koska, Jiri"]
[Result "0-1"]
[BlackElo "2024"]
[WhiteElo "1302"]
[LiveChessVersion "1.4.8"]

1. d4 {[%clk 1:30:58]} Nf6 {[%clk 1:30:55]} 2. c4 {[%clk 1:31:20]} c5
{[%clk 1:31:19]} 3. d5 {[%clk 1:31:39]} b5 {[%clk 1:31:44]} 4. cxb5
{[%clk 1:31:57]} a6 {[%clk 1:32:08]} 5. e3 {[%clk 1:31:58]} e6 {[%clk 1:32:32]}
6. Nc3 {[%clk 1:30:27]} Bb7 {[%clk 1:32:01]} 7. e4 {[%clk 1:29:11]} exd5
{[%clk 1:32:02]} 8. exd5 {[%clk 1:28:58]} d6 {[%clk 1:29:17]} 9. Nf3
{[%clk 1:28:05]} g6 {[%clk 1:27:03]} 10. a4 {[%clk 1:26:36]} Bg7 {[%clk 1:27:18]}
11. Be2 {[%clk 1:25:06]} O-O {[%clk 1:27:41]} 12. O-O {[%clk 1:23:13]} axb5
{[%clk 1:21:31]} 13. Bxb5 {[%clk 1:21:41]} Ba6 {[%clk 1:19:55]} 14. Re1
{[%clk 1:15:58]} Ra7 {[%clk 1:12:43]} 15. Bg5 {[%clk 1:04:05]} Qa5
{[%clk 1:03:09]} 16. Qc2 {[%clk 0:48:47]} Bxb5 {[%clk 0:57:45]} 17. Nxb5
{[%clk 0:46:30]} Rd7 {[%clk 0:57:21]} 18. Qc3 {[%clk 0:44:22]} Qxc3
{[%clk 0:56:49]} 19. Nxc3 {[%clk 0:43:45]} Na6 {[%clk 0:56:36]} 20. Red1
{[%clk 0:40:24]} Rb8 {[%clk 0:54:01]} 21. Rab1 {[%clk 0:37:17]} Ne8
{[%clk 0:48:19]} 22. Nb5 {[%clk 0:33:29]} Nac7 {[%clk 0:45:52]} 23. Nxc7
{[%clk 0:27:52]} Rxc7 {[%clk 0:45:07]} 24. b3 {[%clk 0:22:20]} Rcb7
{[%clk 0:44:13]} 25. Rd3 {[%clk 0:22:14]} c4 {[%clk 0:43:51]} 26. Re3
{[%clk 0:21:32]} cxb3 {[%clk 0:42:58]} 27. Nd2 {[%clk 0:20:54]} b2
{[%clk 0:43:21]} 28. Nc4 {[%clk 0:20:32]} Rb4 {[%clk 0:43:01]} 0-1

[Event "MSR_ch20"]
[Site "?"]
[Date "2024.04.11"]
[Round "8.13"]
[White "Melih, Mario"]
[Black "Svorad, Tomas"]
[Result "1-0"]
[BlackElo "1746"]
[WhiteElo "1990"]
[LiveChessVersion "1.4.8"]

1. e4 {[%clk 1:30:51]} e6 {[%clk 1:30:30]} 2. d4 {[%clk 1:31:14]} d5
{[%clk 1:30:32]} 3. Nc3 {[%clk 1:31:39]} dxe4 {[%clk 1:30:33]} 4. Nxe4
{[%clk 1:31:49]} Nd7 {[%clk 1:30:20]} 5. Nf3 {[%clk 1:29:43]} Ngf6
{[%clk 1:28:52]} 6. Bg5 {[%clk 1:22:05]} h6 {[%clk 1:26:39]} 7. Bxf6
{[%clk 1:21:38]} Nxf6 {[%clk 1:26:44]} 8. Nxf6+ {[%clk 1:20:41]} gxf6
{[%clk 1:18:17]} 9. Bd3 {[%clk 1:20:23]} Bd6 {[%clk 1:17:28]} 10. Qe2
{[%clk 1:20:17]} Qe7 {[%clk 1:12:50]} 11. O-O-O {[%clk 1:18:17]} c5
{[%clk 1:09:10]} 12. Bb5+ {[%clk 1:17:19]} Kf8 {[%clk 1:09:04]} 13. Bd3
{[%clk 1:06:58]} Bd7 {[%clk 0:56:12]} 14. Kb1 {[%clk 1:05:31]} Bc6
{[%clk 0:55:41]} 15. Be4 {[%clk 0:58:52]} Bxe4 {[%clk 0:44:49]} 16. Qxe4
{[%clk 0:59:17]} f5 {[%clk 0:44:38]} 17. Qd3 {[%clk 0:55:56]} Rc8
{[%clk 0:34:10]} 18. c3 {[%clk 0:47:39]} c4 {[%clk 0:33:29]} 19. Qe3
{[%clk 0:46:45]} f6 {[%clk 0:24:01]} 20. Nh4 {[%clk 0:39:07]} Kf7
{[%clk 0:23:07]} 21. Qf3 {[%clk 0:29:22]} h5 {[%clk 0:21:03]} 22. Rhe1
{[%clk 0:29:40]} Qd7 {[%clk 0:20:16]} 23. d5 {[%clk 0:27:08]} e5 {[%clk 0:13:40]}
24. Nxf5 {[%clk 0:25:03]} Bc5 {[%clk 0:11:57]} 25. Re4 {[%clk 0:20:23]} b5
{[%clk 0:10:10]} 26. Rh4 {[%clk 0:18:28]} Kg6 {[%clk 0:09:24]} 27. Rg4+
{[%clk 0:12:59]} hxg4 {[%clk 0:03:37]} 28. Qxg4+ {[%clk 0:13:18]} Kf7
{[%clk 0:04:06]} 29. Qg7+ {[%clk 0:13:16]} Ke8 {[%clk 0:04:36]} 30. Qxh8+
{[%clk 0:12:18]} Bf8 {[%clk 0:05:05]} 31. Qxf6 {[%clk 0:11:38]} Rb8
{[%clk 0:04:02]} 32. Re1 {[%clk 0:10:48]} 1-0

[Event "MSR_ch20"]
[Site "?"]
[Date "2024.04.11"]
[Round "8.14"]
[White "Oslej, Marek"]
[Black "Jurky, Marian"]
[Result "1/2-1/2"]
[BlackElo "1874"]
[WhiteElo "1806"]
[LiveChessVersion "1.4.8"]

1. e4 {[%clk 1:30:57]} b6 {[%clk 1:28:34]} 2. d4 {[%clk 1:31:14]} Bb7
{[%clk 1:29:00]} 3. Nc3 {[%clk 1:31:23]} e6 {[%clk 1:29:25]} 4. Bd3
{[%clk 1:30:18]} Bb4 {[%clk 1:28:13]} 5. Nge2 {[%clk 1:30:09]} Ne7
{[%clk 1:24:33]} 6. a3 {[%clk 1:29:47]} Bxc3+ {[%clk 1:24:31]} 7. bxc3
{[%clk 1:28:57]} d5 {[%clk 1:22:18]} 8. e5 {[%clk 1:28:43]} c5 {[%clk 1:21:42]}
9. Ng3 {[%clk 1:25:14]} Nbc6 {[%clk 1:20:52]} 10. Be3 {[%clk 1:22:38]} c4
{[%clk 1:17:39]} 11. Be2 {[%clk 1:22:45]} O-O {[%clk 1:17:58]} 12. f4
{[%clk 1:19:20]} f5 {[%clk 1:12:10]} 13. O-O {[%clk 1:15:12]} Ng6
{[%clk 1:10:15]} 14. Bh5 {[%clk 1:14:01]} Qh4 {[%clk 1:07:29]} 15. Bxg6
{[%clk 1:13:55]} hxg6 {[%clk 1:07:57]} 16. Nh1 {[%clk 1:11:32]} Kf7
{[%clk 1:02:12]} 17. Nf2 {[%clk 1:07:22]} Rh8 {[%clk 0:56:01]} 18. Nh3
{[%clk 1:07:06]} Ke8 {[%clk 0:53:44]} 19. Rf3 {[%clk 1:01:08]} Qe7
{[%clk 0:52:00]} 20. Rg3 {[%clk 0:59:19]} Rh6 {[%clk 0:52:19]} 21. a4
{[%clk 0:54:40]} Nd8 {[%clk 0:45:42]} 22. Qb1 {[%clk 0:49:16]} Nc6
{[%clk 0:35:57]} 23. Bc1 {[%clk 0:48:20]} Qd7 {[%clk 0:32:11]} 24. Ba3
{[%clk 0:45:39]} Kf7 {[%clk 0:28:39]} 25. Ng5+ {[%clk 0:45:57]} Kg8
{[%clk 0:29:03]} 26. Bd6 {[%clk 0:38:35]} Nd8 {[%clk 0:28:38]} 27. Qb4
{[%clk 0:34:56]} Nf7 {[%clk 0:28:04]} 28. Be7 {[%clk 0:33:42]} Re8
{[%clk 0:25:34]} 29. Nxf7 {[%clk 0:33:29]} Kxf7 {[%clk 0:23:35]} 30. Bg5
{[%clk 0:33:25]} Rh5 {[%clk 0:23:36]} 31. Rf3 {[%clk 0:30:59]} Reh8
{[%clk 0:21:14]} 32. h4 {[%clk 0:31:06]} Rg8 {[%clk 0:13:21]} 33. Rff1
{[%clk 0:30:50]} Bc6 {[%clk 0:12:17]} 34. Rfb1 {[%clk 0:30:29]} Rb8
{[%clk 0:06:39]} 35. a5 {[%clk 0:26:44]} b5 {[%clk 0:07:05]} 36. a6
{[%clk 0:26:37]} Rb6 {[%clk 0:05:32]} 37. Ra5 {[%clk 0:22:26]} Rb8
{[%clk 0:04:35]} 38. Qc5 {[%clk 0:17:01]} Rb6 {[%clk 0:04:37]} 39. Kf2
{[%clk 0:13:13]} Rb8 {[%clk 0:04:48]} 40. Raa1 {[%clk 0:11:45]} Rg8
{[%clk 0:04:00]} 41. Ra5 {[%clk 0:10:40]} Rb8 {[%clk 0:04:24]} 42. Raa1
{[%clk 0:11:05]} Rg8 {[%clk 0:04:47]} 43. Rg1 {[%clk 0:11:18]} Rf8
{[%clk 0:22:05]} 44. g3 {[%clk 0:39:48]} Rfh8 {[%clk 0:16:16]} 45. Kf3
{[%clk 0:37:28]} R5h7 {[%clk 0:13:16]} 46. Rab1 {[%clk 0:34:28]} Rb8
{[%clk 0:11:10]} 47. Rb2 {[%clk 0:34:03]} Rhh8 {[%clk 0:09:35]} 48. Rgb1
{[%clk 0:32:17]} Rhe8 {[%clk 0:09:27]} 49. Rh1 {[%clk 0:31:55]} Rh8
{[%clk 0:09:32]} 50. Rbb1 {[%clk 0:31:51]} Rbe8 {[%clk 0:08:19]} 51. Rh2
{[%clk 0:32:02]} Rh7 {[%clk 0:08:37]} 52. Rbh1 {[%clk 0:31:40]} Reh8
{[%clk 0:07:59]} 53. Be7 {[%clk 0:30:18]} Qxe7 {[%clk 0:05:13]} 54. Qxc6
{[%clk 0:30:47]} Rb8 {[%clk 0:05:16]} 55. Rb1 {[%clk 0:26:29]} Rb6
{[%clk 0:05:34]} 56. Qc8 {[%clk 0:26:28]} Qe8 {[%clk 0:04:51]} 57. Qc5
{[%clk 0:25:00]} Qd7 {[%clk 0:05:00]} 58. Rhh1 {[%clk 0:21:29]} Rh8
{[%clk 0:05:23]} 59. Ra1 {[%clk 0:20:47]} Rc8 {[%clk 0:05:30]} 60. Qb4
{[%clk 0:17:44]} Qe7 {[%clk 0:05:13]} 61. Qxe7+ {[%clk 0:16:46]} Kxe7
{[%clk 0:05:36]} 62. Ra5 {[%clk 0:13:57]} Rh8 {[%clk 0:01:41]} 63. Rb1
{[%clk 0:13:51]} Rhb8 {[%clk 0:02:07]} 64. Rb4 {[%clk 0:13:17]} Kf7
{[%clk 0:01:52]} 65. Kg2 {[%clk 0:12:58]} Ke7 {[%clk 0:02:06]} 66. Kh2
{[%clk 0:13:13]} Kd7 {[%clk 0:02:15]} 67. Kh3 {[%clk 0:12:34]} 1/2-1/2

[Event "MSR_ch20"]
[Site "?"]
[Date "2024.04.11"]
[Round "8.15"]
[White "Bucor, Mark"]
[Black "Lovcican, Tomas"]
[Result "0-1"]
[BlackElo "2057"]
[WhiteElo "1884"]
[LiveChessVersion "1.4.8"]

1. e4 {[%clk 1:30:48]} Nc6 {[%clk 1:29:18]} 2. d4 {[%clk 1:31:04]} d5
{[%clk 1:29:32]} 3. e5 {[%clk 1:30:05]} e6 {[%clk 1:29:25]} 4. f4
{[%clk 1:21:25]} f6 {[%clk 1:27:40]} 5. Nf3 {[%clk 1:21:33]} Nh6 {[%clk 1:27:02]}
6. Bd3 {[%clk 1:20:24]} Be7 {[%clk 1:26:48]} 7. O-O {[%clk 1:20:23]} O-O
{[%clk 1:27:00]} 8. c3 {[%clk 1:18:56]} a6 {[%clk 1:24:16]} 9. a4
{[%clk 1:06:00]} Na5 {[%clk 1:17:47]} 10. b4 {[%clk 1:00:53]} Nc6
{[%clk 1:12:31]} 11. Na3 {[%clk 0:59:18]} Bd7 {[%clk 1:08:56]} 12. Nc2
{[%clk 0:58:01]} f5 {[%clk 1:05:49]} 13. Ne3 {[%clk 0:56:54]} Be8
{[%clk 1:02:03]} 14. Qb3 {[%clk 0:43:51]} Bh5 {[%clk 1:00:59]} 15. Bb2
{[%clk 0:40:28]} Kh8 {[%clk 0:54:08]} 16. Rae1 {[%clk 0:32:22]} Bxf3
{[%clk 0:51:26]} 17. Rxf3 {[%clk 0:30:35]} g5 {[%clk 0:51:50]} 18. fxg5
{[%clk 0:25:25]} Bxg5 {[%clk 0:51:57]} 19. c4 {[%clk 0:23:09]} Ne7
{[%clk 0:41:28]} 20. Nxd5 {[%clk 0:15:14]} exd5 {[%clk 0:41:22]} 21. cxd5
{[%clk 0:15:39]} Nxd5 {[%clk 0:40:03]} 22. Ref1 {[%clk 0:11:03]} c6
{[%clk 0:34:41]} 23. Bxf5 {[%clk 0:10:38]} Ne3 {[%clk 0:35:06]} 0-1

[Event "MSR_ch20"]
[Site "?"]
[Date "2024.04.11"]
[Round "8.16"]
[White "Piroska, Samuel"]
[Black "Kulich, Daniel"]
[Result "0-1"]
[BlackElo "1941"]
[WhiteElo "1667"]
[LiveChessVersion "1.4.8"]

1. d4 {[%clk 1:29:12]} Nf6 {[%clk 1:30:38]} 2. Nf3 {[%clk 1:29:36]} c5
{[%clk 1:30:39]} 3. c3 {[%clk 1:29:15]} d5 {[%clk 1:30:54]} 4. Bf4
{[%clk 1:29:21]} e6 {[%clk 1:31:15]} 5. Nbd2 {[%clk 1:29:39]} Nc6
{[%clk 1:31:41]} 6. e3 {[%clk 1:30:01]} cxd4 {[%clk 1:32:02]} 7. cxd4
{[%clk 1:30:06]} Be7 {[%clk 1:32:26]} 8. a3 {[%clk 1:30:11]} Nh5 {[%clk 1:32:43]}
9. Bg3 {[%clk 1:30:30]} Nxg3 {[%clk 1:32:38]} 10. hxg3 {[%clk 1:30:51]} O-O
{[%clk 1:32:19]} 11. Bd3 {[%clk 1:30:56]} h6 {[%clk 1:32:39]} 12. Rc1
{[%clk 1:30:02]} Bd7 {[%clk 1:31:29]} 13. O-O {[%clk 1:27:25]} a6
{[%clk 1:29:08]} 14. b4 {[%clk 1:25:16]} Na7 {[%clk 1:28:09]} 15. Ne5
{[%clk 1:22:14]} Be8 {[%clk 1:25:43]} 16. Nb1 {[%clk 1:15:51]} Nc6
{[%clk 1:24:17]} 17. Nd2 {[%clk 1:14:27]} Nxe5 {[%clk 1:24:19]} 18. dxe5
{[%clk 1:14:43]} a5 {[%clk 1:24:28]} 19. Qb3 {[%clk 1:14:13]} axb4
{[%clk 1:21:57]} 20. axb4 {[%clk 1:14:26]} Ba4 {[%clk 1:22:20]} 21. Qb2
{[%clk 1:12:49]} Qb6 {[%clk 1:22:18]} 22. Rb1 {[%clk 1:13:08]} Rfc8
{[%clk 1:15:25]} 23. Rfc1 {[%clk 1:07:25]} Rxc1+ {[%clk 1:14:17]} 24. Qxc1
{[%clk 1:06:41]} Bb5 {[%clk 1:14:16]} 25. Bc2 {[%clk 1:05:35]} Rc8
{[%clk 1:05:08]} 26. Bh7+ {[%clk 0:59:08]} Kxh7 {[%clk 1:05:31]} 27. Qxc8
{[%clk 0:59:32]} Bd3 {[%clk 1:05:00]} 28. Rb3 {[%clk 0:59:03]} Bg6
{[%clk 1:05:03]} 29. Qd7 {[%clk 0:57:15]} Bd8 {[%clk 1:00:23]} 30. Qd6
{[%clk 0:53:54]} Qxd6 {[%clk 0:55:16]} 31. exd6 {[%clk 0:54:18]} Kg8
{[%clk 0:55:45]} 32. Nf3 {[%clk 0:54:10]} Kf8 {[%clk 0:55:57]} 33. Rc3
{[%clk 0:53:17]} f6 {[%clk 0:53:07]} 34. Nd4 {[%clk 0:53:09]} Bf7
{[%clk 0:53:13]} 35. Rc7 {[%clk 0:52:37]} e5 {[%clk 0:52:56]} 36. Nb5
{[%clk 0:49:44]} Bxc7 {[%clk 0:52:42]} 37. dxc7 {[%clk 0:50:09]} Be6
{[%clk 0:53:06]} 38. Nd6 {[%clk 0:50:34]} Ke7 {[%clk 0:53:21]} 39. c8=Q
{[%clk 0:50:46]} Bxc8 {[%clk 0:53:49]} 40. Nxc8+ {[%clk 0:51:01]} Kd7
{[%clk 0:54:18]} 41. Nb6+ {[%clk 0:51:14]} Kc6 {[%clk 0:54:46]} 42. Na4
{[%clk 0:51:28]} Kb5 {[%clk 0:55:09]} 43. Nc3+ {[%clk 0:51:51]} Kc4
{[%clk 0:55:36]} 44. Ne2 {[%clk 0:45:41]} Kxb4 {[%clk 0:55:56]} 45. f4
{[%clk 0:45:55]} b5 {[%clk 0:56:12]} 46. fxe5 {[%clk 0:43:57]} fxe5
{[%clk 0:56:34]} 47. Kf2 {[%clk 0:44:17]} Kc4 {[%clk 0:56:04]} 48. Nc1
{[%clk 0:44:09]} b4 {[%clk 0:56:16]} 49. Ke2 {[%clk 0:43:56]} b3 {[%clk 0:55:18]}
50. Nxb3 {[%clk 0:41:03]} Kxb3 {[%clk 0:55:34]} 51. Kd3 {[%clk 0:41:21]} Kb4
{[%clk 0:55:50]} 52. g4 {[%clk 0:41:30]} g6 {[%clk 0:55:50]} 53. g3
{[%clk 0:41:33]} g5 {[%clk 0:56:09]} 54. Kd2 {[%clk 0:37:31]} Kc4
{[%clk 0:56:02]} 55. Kc2 {[%clk 0:37:54]} e4 {[%clk 0:55:29]} 56. Kd2
{[%clk 0:38:16]} Kb3 {[%clk 0:55:51]} 57. Kd1 {[%clk 0:37:03]} Kc3
{[%clk 0:56:16]} 0-1

[Event "MSR_ch20"]
[Site "?"]
[Date "2024.04.11"]
[Round "8.17"]
[White "Zatko, Slavomir"]
[Black "Sustek, Adam"]
[Result "0-1"]
[BlackElo "1910"]
[WhiteElo "1684"]
[LiveChessVersion "1.4.8"]

1. e4 {[%clk 1:30:58]} e6 {[%clk 1:30:43]} 2. b3 {[%clk 1:31:12]} d5
{[%clk 1:25:03]} 3. Bb2 {[%clk 1:31:25]} dxe4 {[%clk 1:16:47]} 4. Nc3
{[%clk 1:31:43]} Nf6 {[%clk 1:15:59]} 5. Qe2 {[%clk 1:32:04]} Nc6
{[%clk 1:04:06]} 6. Nxe4 {[%clk 1:27:03]} Be7 {[%clk 1:02:41]} 7. O-O-O
{[%clk 1:25:00]} O-O {[%clk 0:58:26]} 8. g4 {[%clk 1:24:06]} e5 {[%clk 0:39:47]}
9. g5 {[%clk 1:08:30]} Nxe4 {[%clk 0:36:16]} 10. Qxe4 {[%clk 1:08:45]} Bxg5
{[%clk 0:35:11]} 11. h4 {[%clk 0:57:30]} Bf4 {[%clk 0:30:10]} 12. Bd3
{[%clk 0:57:03]} f5 {[%clk 0:26:56]} 13. Qc4+ {[%clk 0:54:08]} Kh8
{[%clk 0:27:25]} 14. h5 {[%clk 0:34:53]} Bh6 {[%clk 0:24:59]} 15. f3
{[%clk 0:30:30]} Qd6 {[%clk 0:23:17]} 16. Nh3 {[%clk 0:28:30]} Be6
{[%clk 0:21:48]} 17. Qh4 {[%clk 0:25:30]} Nb4 {[%clk 0:20:07]} 18. Ng5
{[%clk 0:22:27]} Nxd3+ {[%clk 0:14:00]} 19. cxd3 {[%clk 0:22:40]} Bd5
{[%clk 0:12:32]} 20. Rdg1 {[%clk 0:18:31]} Rae8 {[%clk 0:10:12]} 21. Rh3
{[%clk 0:14:52]} Qc5+ {[%clk 0:09:45]} 0-1

[Event "MSR_ch20"]
[Site "?"]
[Date "2024.04.11"]
[Round "8.18"]
[White "Vojtas, Marek"]
[Black "Loffay, Pavol"]
[Result "1-0"]
[BlackElo "1803"]
[WhiteElo "1676"]
[LiveChessVersion "1.4.8"]

1. e4 {[%clk 1:30:59]} d6 {[%clk 1:30:55]} 2. d4 {[%clk 1:31:22]} Nf6
{[%clk 1:31:19]} 3. Bd3 {[%clk 1:31:44]} g6 {[%clk 1:31:31]} 4. f4
{[%clk 1:31:50]} Bg7 {[%clk 1:31:42]} 5. Nf3 {[%clk 1:32:08]} c5 {[%clk 1:31:34]}
6. dxc5 {[%clk 1:27:45]} Qa5+ {[%clk 1:31:44]} 7. Nc3 {[%clk 1:26:39]} Qxc5
{[%clk 1:31:16]} 8. Na4 {[%clk 1:23:25]} Qc7 {[%clk 1:30:19]} 9. O-O
{[%clk 1:23:06]} O-O {[%clk 1:29:47]} 10. Nc3 {[%clk 1:20:55]} Bg4
{[%clk 1:28:39]} 11. Qe1 {[%clk 1:20:54]} Bxf3 {[%clk 1:26:58]} 12. Rxf3
{[%clk 1:21:13]} Nc6 {[%clk 1:25:43]} 13. Qh4 {[%clk 1:18:41]} Nb4
{[%clk 1:19:03]} 14. Rh3 {[%clk 1:15:03]} Nxd3 {[%clk 1:18:11]} 15. Nd5
{[%clk 1:14:10]} 1-0

[Event "MSR_ch20"]
[Site "?"]
[Date "2024.04.11"]
[Round "8.19"]
[White "Filo, David"]
[Black "Rerko, Samuel"]
[Result "1-0"]
[BlackElo "1584"]
[WhiteElo "1837"]
[LiveChessVersion "1.4.8"]

1. d4 {[%clk 1:30:55]} f5 {[%clk 1:12:27]} 2. c4 {[%clk 1:31:11]} Nf6
{[%clk 1:12:53]} 3. g3 {[%clk 1:31:03]} g6 {[%clk 1:13:16]} 4. Bg2
{[%clk 1:31:23]} Bg7 {[%clk 1:13:38]} 5. Nf3 {[%clk 1:31:28]} O-O
{[%clk 1:14:00]} 6. O-O {[%clk 1:31:12]} d6 {[%clk 1:14:18]} 7. Nc3
{[%clk 1:27:14]} Qe8 {[%clk 1:14:20]} 8. d5 {[%clk 1:22:26]} a5 {[%clk 1:14:35]}
9. Nd4 {[%clk 1:16:36]} Na6 {[%clk 1:14:32]} 10. e4 {[%clk 1:00:21]} fxe4
{[%clk 1:14:27]} 11. Nxe4 {[%clk 1:00:31]} Nxe4 {[%clk 1:14:30]} 12. Bxe4
{[%clk 1:00:53]} Nc5 {[%clk 1:14:37]} 13. Bg2 {[%clk 1:01:06]} e6
{[%clk 1:11:47]} 14. dxe6 {[%clk 0:52:38]} Nxe6 {[%clk 1:09:13]} 15. Nxe6
{[%clk 0:52:38]} Qxe6 {[%clk 1:09:30]} 16. Bd5 {[%clk 0:53:01]} Rf7
{[%clk 1:02:43]} 17. Bxe6 {[%clk 0:52:28]} Bxe6 {[%clk 1:03:05]} 18. Qe2
{[%clk 0:41:53]} Bh3 {[%clk 1:01:36]} 19. Re1 {[%clk 0:41:21]} Raf8
{[%clk 1:00:13]} 20. Be3 {[%clk 0:40:55]} h5 {[%clk 0:54:59]} 21. Qd2
{[%clk 0:37:56]} b6 {[%clk 0:53:27]} 22. Rac1 {[%clk 0:36:13]} Rf5
{[%clk 0:51:22]} 23. Bd4 {[%clk 0:34:15]} Bxd4 {[%clk 0:48:39]} 24. Qxd4
{[%clk 0:34:37]} c5 {[%clk 0:48:55]} 25. Qd2 {[%clk 0:34:22]} R5f7
{[%clk 0:44:30]} 26. Rc3 {[%clk 0:32:18]} Kh7 {[%clk 0:43:12]} 27. Rce3
{[%clk 0:32:03]} h4 {[%clk 0:40:00]} 28. Re7 {[%clk 0:31:42]} 1-0

[Event "MSR_ch20"]
[Site "?"]
[Date "2024.04.11"]
[Round "8.20"]
[White "Duda, Daniel"]
[Black "Mitas, Daniel"]
[Result "1-0"]
[BlackElo "1614"]
[WhiteElo "1654"]
[LiveChessVersion "1.4.8"]

1. d4 {[%clk 1:30:43]} c6 {[%clk 1:30:09]} 2. Nf3 {[%clk 1:31:01]} d5
{[%clk 1:30:21]} 3. c4 {[%clk 1:31:20]} Bg4 {[%clk 1:30:38]} 4. Qb3
{[%clk 1:30:32]} Qc7 {[%clk 1:26:27]} 5. g3 {[%clk 1:25:44]} g6 {[%clk 1:22:32]}
6. Bf4 {[%clk 1:24:37]} Qc8 {[%clk 1:17:39]} 7. cxd5 {[%clk 1:23:53]} cxd5
{[%clk 1:12:39]} 8. Qxd5 {[%clk 1:21:08]} Nf6 {[%clk 1:12:38]} 9. Qb3
{[%clk 1:18:04]} Bg7 {[%clk 1:12:13]} 10. Bg2 {[%clk 1:16:52]} O-O
{[%clk 1:07:53]} 11. Ne5 {[%clk 1:10:59]} Nc6 {[%clk 1:05:01]} 12. Nxg4
{[%clk 1:05:40]} Nxd4 {[%clk 1:04:05]} 13. Nxf6+ {[%clk 1:01:14]} Bxf6
{[%clk 1:03:43]} 14. Qxb7 {[%clk 0:52:31]} Nc2+ {[%clk 0:51:44]} 15. Kf1
{[%clk 0:51:12]} Qxb7 {[%clk 0:49:31]} 16. Bxb7 {[%clk 0:51:35]} Rad8
{[%clk 0:42:54]} 17. Be4 {[%clk 0:45:14]} Rd1+ {[%clk 0:37:56]} 18. Kg2
{[%clk 0:45:06]} Rxh1 {[%clk 0:38:13]} 19. Bxc2 {[%clk 0:45:05]} Rxh2+
{[%clk 0:37:02]} 20. Kxh2 {[%clk 0:45:15]} Bxb2 {[%clk 0:37:27]} 21. Be3
{[%clk 0:39:31]} Bxa1 {[%clk 0:31:02]} 22. Na3 {[%clk 0:36:42]} Rc8
{[%clk 0:26:05]} 23. Bd3 {[%clk 0:31:22]} Bb2 {[%clk 0:23:59]} 24. Nc4
{[%clk 0:27:30]} Bf6 {[%clk 0:23:26]} 25. a3 {[%clk 0:26:08]} e5 {[%clk 0:21:04]}
26. Nd6 {[%clk 0:25:46]} Rc6 {[%clk 0:20:02]} 27. Ne4 {[%clk 0:21:59]} Be7
{[%clk 0:19:44]} 28. Bb5 {[%clk 0:18:26]} Rc2 {[%clk 0:19:06]} 29. a4
{[%clk 0:15:18]} Kg7 {[%clk 0:16:31]} 30. g4 {[%clk 0:06:22]} f5 {[%clk 0:15:52]}
31. gxf5 {[%clk 0:05:33]} gxf5 {[%clk 0:16:02]} 32. Bd3 {[%clk 0:06:01]} Rc8
{[%clk 0:14:05]} 33. Ng3 {[%clk 0:02:11]} f4 {[%clk 0:12:56]} 34. Nf5+
{[%clk 0:02:35]} Kf6 {[%clk 0:12:26]} 35. Nxe7 {[%clk 0:02:32]} Kxe7
{[%clk 0:11:49]} 36. Bxa7 {[%clk 0:02:55]} h6 {[%clk 0:10:47]} 37. a5
{[%clk 0:03:07]} Kd6 {[%clk 0:10:15]} 38. Bb6 {[%clk 0:02:57]} Kc6
{[%clk 0:10:04]} 39. Be4+ {[%clk 0:02:45]} Kb5 {[%clk 0:10:08]} 40. Bd3+
{[%clk 0:03:07]} Kc6 {[%clk 0:10:06]} 41. Kh3 {[%clk 0:02:02]} Rg8
{[%clk 0:02:00]} 42. f3 {[%clk 0:00:59]} Kb7 {[%clk 0:01:28]} 43. Bf2
{[%clk 0:01:10]} Rg7 {[%clk 0:28:53]} 44. a6+ {[%clk 0:31:18]} Kb8
{[%clk 0:27:08]} 45. a7+ {[%clk 0:31:34]} Rxa7 {[%clk 0:27:32]} 46. Bxa7+
{[%clk 0:31:58]} Kxa7 {[%clk 0:27:59]} 47. Kg4 {[%clk 0:32:23]} 1-0